[Event "40th ECC Open 2025"]
[Site "Rhodes GRE"]
[Date "2025.10.25"]
[Round "7.62"]
[White "Galopoulos, Nikolaos"]
[Black "Mamedyarov, Shakhriyar"]
[Result "0-1"]
[BlackTitle "GM"]
[WhiteElo "2425"]
[BlackElo "2742"]
[WhiteTeam "Kavala"]
[BlackTeam "BayeganPendik chess sports"]
[WhiteFideId "4208951"]
[BlackFideId "13401319"]
[EventDate "2025.10.19"]

1. d4 f5 2. g3 Nf6 3. Bg2 g6 4. c3 Bg7 5. Qb3 d5 6. Nf3 a5 7. Bf4 O-O 8. Nbd2 e6
9. c4 a4 10. Qd3 Ne4 11. Be5 Bh6 12. h4 Nc6 13. e3 Nxe5 14. Nxe5 Bg7 15. O-O c5
16. Rfd1 b6 17. Rac1 Bb7 18. b3 Qc7 19. Ndf3 axb3 20. Qxb3 Rfb8 21. Bf1 Ra5 22.
a4 Bf6 23. Rc2 Kg7 24. Rb1 Ba8 25. cxd5 exd5 26. Bb5 Rd8 27. dxc5 bxc5 28. Nd3
Qd6 29. Nf4 Ra7 30. Bf1 Re7 31. a5 d4 32. exd4 cxd4 33. Rd1 Rb8 34. Qc4 Rb4 35.
Qd3 Qb8 36. Re1 Rb3 37. Qd1 Qb4 38. Rc4 Qa3 39. Bg2 d3 40. Nd4 Bxd4 41. Rxd4
Nxf2 42. Rxe7+ Qxe7 43. Nh5+ Kh6 44. Qc1+ Kxh5 45. Bxa8 Ng4 46. Bf3 d2 47. Bxg4+
fxg4 48. Rd5+ g5 49. Qxd2 Rxg3+ 50. Kf2 Kxh4 51. Rf5 Qa7+ 0-1

[Event "40th ECC Open 2025"]
[Site "Rhodes GRE"]
[Date "2025.10.25"]
[Round "7.63"]
[White "Rapport, Richard"]
[Black "Kanakaris, Georgios"]
[Result "1-0"]
[WhiteTitle "GM"]
[BlackTitle "IM"]
[WhiteElo "2724"]
[BlackElo "2382"]
[WhiteTeam "BayeganPendik chess sports"]
[BlackTeam "Kavala"]
[WhiteFideId "738590"]
[BlackFideId "4209460"]
[EventDate "2025.10.19"]

1. Nf3 d5 2. g3 Bg4 3. Bg2 e6 4. h3 Bh5 5. O-O Nf6 6. d3 Be7 7. c4 c6 8. Qb3 Qb6
9. g4 Bg6 10. Be3 dxc4 11. Qxc4 Qa6 12. Qxa6 Nxa6 13. Na3 Nd5 14. Bd2 Bb4 15.
Bc1 Bd6 16. Nc4 Bc7 17. Rd1 f6 18. Bd2 h5 19. Nh4 Bf7 20. g5 O-O-O 21. Rab1 Be8
22. a3 Nf4 23. Bxf4 Bxf4 24. gxf6 gxf6 25. e3 Bc7 26. b4 Rg8 27. Kf1 b5 28. Nb2
c5 29. bxc5 Nxc5 30. d4 b4 31. Nc4 bxa3 32. Nxa3 Ba4 33. Rd2 Nb3 34. Rdb2 Na5
35. Nb5 Bb6 36. Rb4 Bxb5+ 37. Rxb5 Rg5 38. Rxg5 fxg5 39. Nf3 g4 40. Ne5 Rg8 41.
Ke2 Bc7 42. Rc1 Rg7 43. Nd3 Kd8 44. Rc5 g3 45. f4 h4 46. Rh5 Nb3 47. Rxh4 a5 48.
Rh8+ Ke7 49. Ra8 Kf6 50. Ra6 Rd7 51. Ra7 Ke7 52. Bc6 1-0

[Event "40th ECC Open 2025"]
[Site "Rhodes GRE"]
[Date "2025.10.25"]
[Round "7.64"]
[White "Stefanou, Dimitrios"]
[Black "Nihal, Sarin"]
[Result "0-1"]
[WhiteTitle "FM"]
[BlackTitle "GM"]
[WhiteElo "2334"]
[BlackElo "2700"]
[WhiteTeam "Kavala"]
[BlackTeam "BayeganPendik chess sports"]
[WhiteFideId "25825011"]
[BlackFideId "25092340"]
[EventDate "2025.10.19"]

1. e4 c5 2. Nf3 e6 3. b3 a6 4. Bb2 Nc6 5. g3 d5 6. exd5 exd5 7. Qe2+ Qe7 8.
Qxe7+ Ngxe7 9. a3 f6 10. Bg2 Be6 11. O-O Kf7 12. d3 Nf5 13. Re1 Be7 14. Nbd2
Rhe8 15. Re2 Rad8 16. Rae1 Bf8 17. c4 dxc4 18. dxc4 Bd7 19. Rxe8 Bxe8 20. g4
Nfe7 21. Ne4 b6 22. g5 f5 23. Nc3 Kg8 24. Ne5 Nxe5 25. Rxe5 Bf7 26. Re1 Ng6 27.
Rd1 Rxd1+ 28. Nxd1 Nf4 29. Bf1 Bd6 30. Ne3 Be6 31. Bc3 a5 32. Nc2 Bd7 33. a4 Kf7
34. Ne1 Bc6 35. h4 Be4 36. Bd2 Ne6 37. Bc3 Nf4 38. Bd2 Ng6 39. h5 Nf4 40. h6
gxh6 41. gxh6 Kg6 42. f3 Bc6 43. Kf2 Ne6 44. Be2 Bf4 45. Bc3 Kxh6 46. Nd3 Bc7
47. Ne5 Be8 48. Ke3 Kg5 49. Bd3 Nf4 50. Bc2 h5 51. Kf2 h4 52. Nd3 Nxd3+ 53. Bxd3
h3 54. Bf1 h2 55. Kg2 h1=Q+ 56. Kxh1 Kf4 57. Bd3 Kxf3 58. Bxf5 Kf2 59. Be4 Bh5 0-1

[Event "40th ECC Open 2025"]
[Site "Rhodes GRE"]
[Date "2025.10.25"]
[Round "7.65"]
[White "Alekseenko, Kirill"]
[Black "Koutlas, Nikolaos"]
[Result "1-0"]
[WhiteTitle "GM"]
[BlackTitle "FM"]
[WhiteElo "2679"]
[BlackElo "2302"]
[WhiteTeam "BayeganPendik chess sports"]
[BlackTeam "Kavala"]
[WhiteFideId "4135539"]
[BlackFideId "25827138"]
[EventDate "2025.10.19"]

1. e4 e5 2. Nf3 Nc6 3. Bc4 Nf6 4. d3 Bc5 5. h3 d6 6. a3 a6 7. Be3 Bxe3 8. fxe3
Be6 9. Nc3 Ne7 10. Qe2 Bxc4 11. dxc4 Qd7 12. Rf1 h6 13. O-O-O Qe6 14. Rf2 c6 15.
Qd3 Rd8 16. g4 b5 17. c5 Rd7 18. cxd6 Nc8 19. Nd4 exd4 20. exd4 Rd8 21. e5 Nd7
22. Qf3 O-O 23. Qxc6 Ncb6 24. Re2 Rc8 25. Qf3 b4 26. d5 Nxe5 27. dxe6 Nxf3 28.
d7 Rcd8 29. e7 bxc3 30. exd8=Q 1-0

[Event "40th ECC Open 2025"]
[Site "Rhodes GRE"]
[Date "2025.10.25"]
[Round "7.66"]
[White "Ketzetzis, Georgios"]
[Black "Murzin, Volodar"]
[Result "0-1"]
[WhiteTitle "FM"]
[BlackTitle "GM"]
[WhiteElo "2260"]
[BlackElo "2664"]
[WhiteTeam "Kavala"]
[BlackTeam "BayeganPendik chess sports"]
[WhiteFideId "4215206"]
[BlackFideId "44155573"]
[EventDate "2025.10.19"]

1. e4 e6 2. d4 d5 3. e5 c5 4. c3 Nc6 5. Nf3 Bd7 6. Bd3 Rc8 7. O-O cxd4 8. Re1
Nge7 9. Bg5 h6 10. Bh4 Qb6 11. Nbd2 dxc3 12. bxc3 Nf5 13. Rb1 Qc7 14. Bxf5 exf5
15. c4 d4 16. Nb3 Bb4 17. Nbxd4 Nxd4 18. Qxd4 Bxe1 19. e6 Bxe6 20. Qxg7 Bc3 21.
Qxc3 O-O 22. Qf6 Qf4 23. Bg3 Qg4 24. Qxh6 Qg7 25. Qe3 Rxc4 26. Be5 f6 27. Bd4
Bd5 28. Bxa7 Rfc8 29. Rd1 Rc3 0-1

[Event "40th ECC Open 2025"]
[Site "Rhodes GRE"]
[Date "2025.10.25"]
[Round "7.67"]
[White "Bellahcene, Bilel"]
[Black "Camlar, Arda"]
[Result "1-0"]
[WhiteTitle "GM"]
[BlackTitle "IM"]
[WhiteElo "2485"]
[BlackElo "2490"]
[WhiteTeam "CE Nyon"]
[BlackTeam "Guzelbahce Satranc Spor Kulubu"]
[WhiteFideId "696358"]
[BlackFideId "44576692"]
[EventDate "2025.10.19"]

1. e4 c6 2. d4 d5 3. e5 Bf5 4. h4 h5 5. c4 dxc4 6. Bxc4 e6 7. Nc3 Nd7 8. Nge2
Nb6 9. Bb3 Ne7 10. Bg5 Qd7 11. O-O Nbd5 12. Ng3 Bg6 13. Re1 Nxc3 14. bxc3 Nf5
15. Bc2 Be7 16. Nxf5 Bxf5 17. Bxf5 exf5 18. Qb3 Bxg5 19. e6 fxe6 20. Rxe6+ Be7
21. Rae1 Rc8 22. Rxe7+ Qxe7 23. Rxe7+ Kxe7 24. Qxb7+ Kf6 25. Qxa7 Rce8 26. a4
Re1+ 27. Kh2 Re4 28. Kh3 Rhe8 29. Qc5 Re2 30. Kg3 R8e6 31. a5 Ra2 32. f3 Kg6 33.
Kf4 Rf6 34. g3 Ra1 35. Ke3 Ra2 36. Kd3 Ra1 37. Kc4 Ra4+ 38. Kb3 Ra1 39. Kb2 Ra4
40. Qb6 Kh7 41. Kb3 Ra1 42. Kb2 Ra4 43. f4 Rg6 44. Qc5 Rf6 45. Kb3 Ra1 46. Qe5
Kh6 47. Qc7 Kh7 48. Kb4 Rg6 49. Qf7 Kh6 50. Qe8 Kh7 51. Qe2 Kh6 52. Qb2 Re1 53.
Kc5 Rxg3 54. a6 Rgg1 55. Qb7 Ra1 56. a7 Ra5+ 57. Kb4 Rga1 58. Qxc6+ Kh7 59. d5
Rxa7 60. c4 Rb1+ 61. Kc5 Rd1 62. Qb6 Rf7 63. Qd8 Rd3 64. d6 Rf6 65. Qe7 Rdxd6
66. Qxd6 1-0

[Event "40th ECC Open 2025"]
[Site "Rhodes GRE"]
[Date "2025.10.25"]
[Round "7.68"]
[White "Yildiz, Egehan"]
[Black "Charnushevich, Aliaksei"]
[Result "1/2-1/2"]
[WhiteTitle "FM"]
[BlackTitle "GM"]
[WhiteElo "2374"]
[BlackElo "2496"]
[WhiteTeam "Guzelbahce Satranc Spor Kulubu"]
[BlackTeam "CE Nyon"]
[WhiteFideId "44518072"]
[BlackFideId "13500767"]
[EventDate "2025.10.19"]

1. d4 Nf6 2. c4 e6 3. Nf3 Bb4+ 4. Nbd2 b6 5. a3 Bxd2+ 6. Qxd2 Bb7 7. e3 d6 8.
Be2 a5 9. b3 Nbd7 10. Bb2 Qe7 11. Qc2 O-O 12. O-O c5 13. Rfd1 Rfd8 14. dxc5 bxc5
15. Bd3 e5 16. Ng5 h6 17. Ne4 Nxe4 18. Bxe4 Bxe4 19. Qxe4 Nf6 20. Qc2 Qe6 21. a4
Rdb8 22. Rab1 Ra6 23. Bc3 Ne8 24. h3 f5 25. f3 Nf6 26. Qd2 Rba8 27. Qe1 Kh7 28.
Rb2 R8a7 29. Qd2 Kh8 30. Rbb1 Ra8 31. Qe1 Kh7 32. f4 exf4 33. Bxf6 Qxf6 34. exf4
R8a7 35. Rd5 Re7 36. Qd2 Re4 37. Rd1 Re6 38. Qd3 g6 39. g4 fxg4 40. f5 gxf5 41.
Rxf5 Qg6 42. h4 Kg7 43. h5 Qe8 44. Rdf1 Ra7 45. Qg3 Kh7 46. Qd3 Kg7 47. Qg3 Kh7
48. Qd3 1/2-1/2

[Event "40th ECC Open 2025"]
[Site "Rhodes GRE"]
[Date "2025.10.25"]
[Round "7.69"]
[White "Willems, Niels"]
[Black "Burcu, Cagatay"]
[Result "1-0"]
[WhiteTitle "FM"]
[BlackTitle "FM"]
[WhiteElo "2373"]
[BlackElo "2255"]
[WhiteTeam "CE Nyon"]
[BlackTeam "Guzelbahce Satranc Spor Kulubu"]
[WhiteFideId "20695586"]
[BlackFideId "6310630"]
[EventDate "2025.10.19"]

1. c4 c6 2. Nf3 d5 3. e3 Nf6 4. Nc3 e6 5. b3 Bd6 6. Bb2 O-O 7. Be2 b6 8. Qc2 Bb7
9. O-O Nbd7 10. d4 Qe7 11. a4 a5 12. Rad1 Rad8 13. Bd3 Rfe8 14. h3 h6 15. Rfe1
Bb4 16. Re2 Bxc3 17. Bxc3 c5 18. Ne5 Rc8 19. Nxd7 Nxd7 20. e4 cxd4 21. Bxd4 dxc4
22. Bxc4 Nc5 23. Re3 Red8 24. Rg3 Nxe4 25. Rxg7+ Kf8 26. Rg4 Nf6 27. Rg3 Rc6 28.
Qc1 e5 29. Qxh6+ Ke8 30. Qh8+ Qf8 31. Qxf8+ Kxf8 32. Bc5+ Ke8 33. Rxd8+ Kxd8 34.
Be3 Ne4 35. Rg8+ Ke7 36. Rb8 Nd6 37. Bd5 Rc7 38. Bxb7 Nxb7 39. Bxb6 Rd7 40. Ra8
Rd1+ 41. Kh2 Kd6 42. Bxa5 Rb1 43. b4 Nxa5 44. Ra6+ Kd5 45. Rxa5+ Kd4 46. b5 f5
47. h4 f4 48. h5 e4 49. h6 Rc1 50. Ra8 Rc5 51. Rd8+ Kc3 52. Re8 Kd3 53. b6 f3
54. gxf3 Ke2 55. Kg3 Rg5+ 56. Kh4 Rg1 57. b7 1-0

[Event "40th ECC Open 2025"]
[Site "Rhodes GRE"]
[Date "2025.10.25"]
[Round "7.70"]
[White "Dogan, Umut Anil"]
[Black "Dudognon, Thibault"]
[Result "1/2-1/2"]
[WhiteTitle "CM"]
[BlackTitle "IM"]
[WhiteElo "2238"]
[BlackElo "2344"]
[WhiteTeam "Guzelbahce Satranc Spor Kulubu"]
[BlackTeam "CE Nyon"]
[WhiteFideId "51618060"]
[BlackFideId "20675569"]
[EventDate "2025.10.19"]

1. d4 d5 2. c4 dxc4 3. e3 e5 4. Bxc4 Nc6 5. Nf3 e4 6. Nfd2 Qg5 7. Nxe4 Qxg2 8.
Ng3 Qh3 9. Nc3 Bd6 10. Bd2 Nf6 11. Qc2 Bg4 12. Bf1 Qh4 13. Bg2 O-O 14. Nf5 Qh5
15. Ng3 Qh4 16. Nf5 Qh5 17. Ng3 Qh4 18. Nf5 Qh5 1/2-1/2

[Event "40th ECC Open 2025"]
[Site "Rhodes GRE"]
[Date "2025.10.25"]
[Round "7.71"]
[White "Joie, Sebastien"]
[Black "Gur, Ali"]
[Result "1/2-1/2"]
[WhiteTitle "IM"]
[BlackTitle "CM"]
[WhiteElo "2369"]
[BlackElo "2222"]
[WhiteTeam "CE Nyon"]
[BlackTeam "Guzelbahce Satranc Spor Kulubu"]
[WhiteFideId "650420"]
[BlackFideId "51684349"]
[EventDate "2025.10.19"]

1. d4 Nf6 2. Nf3 g6 3. Nbd2 d5 4. b3 Bg7 5. Bb2 O-O 6. e3 b6 7. Be2 Bb7 8. O-O
Nbd7 9. c4 c5 10. Rc1 Rc8 11. dxc5 Nxc5 12. b4 Nce4 13. Qa4 Nxd2 14. Nxd2 a6 15.
c5 bxc5 16. bxc5 Qc7 17. Nf3 Nd7 18. Bxg7 Kxg7 19. Qb4 a5 20. Qb2+ Kg8 21. Nd4
Nxc5 22. Bg4 e6 23. Nxe6 fxe6 24. Rxc5 Qd6 25. Rxa5 Ba6 26. Rd1 h5 27. Bf3 Bc4
28. e4 Qc7 29. Ra3 Rb8 30. Qc2 Qg7 31. exd5 exd5 32. Rb1 Kh8 33. h3 Rfd8 34. Re1
Re8 35. Rxe8+ Rxe8 36. Qd2 h4 37. Re3 Rxe3 38. Qxe3 Qf6 39. a3 g5 40. Be2 Kg7
41. a4 Bxe2 42. Qxe2 Qa1+ 43. Kh2 Qxa4 44. Qe7+ Kg6 45. Qe6+ Kg7 46. Qe5+ Kg6
47. Qd6+ Kg7 48. Qe7+ Kg6 49. Qe6+ Kg7 50. Qe7+ 1/2-1/2

[Event "40th ECC Open 2025"]
[Site "Rhodes GRE"]
[Date "2025.10.25"]
[Round "7.72"]
[White "Karaca, Yigit"]
[Black "Ondozi, Murtez"]
[Result "1-0"]
[BlackTitle "FM"]
[WhiteElo "2183"]
[BlackElo "2316"]
[WhiteTeam "Guzelbahce Satranc Spor Kulubu"]
[BlackTeam "CE Nyon"]
[WhiteFideId "26314118"]
[BlackFideId "937576"]
[EventDate "2025.10.19"]

1. e4 c5 2. c3 d5 3. exd5 Qxd5 4. d4 e6 5. Nf3 Nc6 6. Bd3 Nf6 7. O-O cxd4 8.
cxd4 Qd8 9. Nc3 Be7 10. Re1 O-O 11. Bg5 h6 12. Bh4 Nd5 13. Bxe7 Ncxe7 14. Bc2 b6
15. Qd3 g6 16. Nxd5 Nxd5 17. Ne5 Nb4 18. Qe4 Bb7 19. Qxb7 Nxc2 20. Nxg6 Re8 21.
Ne5 Qe7 22. Qe4 Nxe1 23. Rxe1 f5 24. Qe3 Qg5 25. Qa3 Kh7 26. Nf3 Qe7 27. Qa6
Rad8 28. h3 Qc7 29. Qd3 Rd5 30. Qe3 Rd6 31. Ne5 Rc8 32. Nf3 Rcd8 33. Qf4 R8d7
34. g3 Rg7 35. h4 Rc6 36. Ne5 Rc2 37. d5 Qd6 38. dxe6 Qxe6 39. Nf3 Qg6 40. Nd4
Rc4 41. b3 Rc8 42. Re6 Qg4 43. Qxh6+ Kg8 44. Nc6 Qd1+ 45. Kg2 Qd5+ 46. f3 Qd3
47. g4 Qc2+ 48. Kg3 fxg4 49. Ne7+ Rxe7 50. Rxe7 Qc3 51. Qh7+ 1-0

[Event "40th ECC Open 2025"]
[Site "Rhodes GRE"]
[Date "2025.10.25"]
[Round "7.73"]
[White "Rozen, Eytan"]
[Black "Smeets, Jan"]
[Result "1/2-1/2"]
[WhiteTitle "IM"]
[BlackTitle "GM"]
[WhiteElo "2510"]
[BlackElo "2562"]
[WhiteTeam "Beer Sheva"]
[BlackTeam "LSG Leiden"]
[WhiteFideId "2816750"]
[BlackFideId "1007246"]
[EventDate "2025.10.19"]

1. Nf3 d5 2. g3 Nf6 3. Bg2 c6 4. O-O Bg4 5. h3 Bxf3 6. Bxf3 e5 7. d3 a5 8. a4
Bc5 9. e4 dxe4 10. dxe4 Qxd1 11. Rxd1 Ke7 12. Na3 Ne8 13. Nc4 f6 14. Bg4 Nc7 15.
Bd2 b6 16. Be3 Bxe3 17. fxe3 Ra6 18. Nd6 Ne6 19. Nf5+ Kf7 20. Nd6+ Ke7 21. Nf5+
Kf7 22. Be2 Ra7 23. Bc4 Rd7 24. Nd6+ Ke7 25. Nf5+ Kf7 26. Nxg7 Kxg7 27. Bxe6
Rdd8 28. Kf2 Rhe8 29. Bf5 Na6 30. Bd7 Re7 31. Bf5 Ree8 32. c3 Nc5 33. Ke2 Rxd1
34. Rxd1 Re7 35. Ra1 Ra7 36. Kd1 h6 37. Kc2 Kf7 38. g4 Ke7 39. h4 Ra8 40. b3 Ra7
41. g5 fxg5 42. hxg5 hxg5 43. Rh1 Ra6 44. Rh7+ Kd8 45. Rh8+ Ke7 46. Rc8 Kd6 47.
Rg8 b5 48. axb5 cxb5 49. b4 axb4 50. cxb4 Ne6 51. Rg6 Ke7 52. Bxe6 Rxe6 53. Rxg5
Kd6 54. Kd3 Re8 55. Rg6+ Re6 56. Rg8 Kc7 57. Rg5 Kb6 58. Kc3 Rc6+ 59. Kb3 Rd6
60. Kc2 Rc6+ 61. Kd3 Rc4 62. Rxe5 Rxb4 63. Rd5 Kc6 64. Rd4 Rb3+ 65. Ke2 Ra3 66.
e5 Ra8 67. Kf3 Rb8 68. Ke4 b4 69. Rd6+ Kc7 70. Rd2 b3 71. Rb2 Kd7 72. Kd5 Ke7
73. Ke4 1/2-1/2

[Event "40th ECC Open 2025"]
[Site "Rhodes GRE"]
[Date "2025.10.25"]
[Round "7.74"]
[White "Pijpers, Arthur"]
[Black "Ben Ari, Yannay"]
[Result "1/2-1/2"]
[WhiteTitle "GM"]
[BlackTitle "IM"]
[WhiteElo "2487"]
[BlackElo "2459"]
[WhiteTeam "LSG Leiden"]
[BlackTeam "Beer Sheva"]
[WhiteFideId "1019554"]
[BlackFideId "2815222"]
[EventDate "2025.10.19"]

1. e4 c5 2. Nf3 d6 3. d4 cxd4 4. Nxd4 Nf6 5. Nc3 a6 6. Bg5 Nbd7 7. Bc4 e6 8. Qe2
b5 9. Bb3 Qc7 10. O-O-O b4 11. Nd5 exd5 12. exd5+ Be7 13. Nc6 Ne5 14. Nxe5 dxe5
15. d6 Bxd6 16. Bxf6 gxf6 17. Qf3 O-O 18. Qxa8 Bb7 19. Qa7 Bc5 20. Rd7 Qxd7 21.
Qxc5 Qg4 22. f3 Qf4+ 23. Kb1 Bc8 24. Bc4 Bf5 25. Bxa6 Rd8 26. Rc1 Ra8 27. Qc6
Rd8 28. g3 Qd2 29. g4 Rd6 30. Qa8+ Rd8 31. Qc6 Be6 32. b3 Qxh2 33. Bd3 Kg7 34.
Be4 1/2-1/2

[Event "40th ECC Open 2025"]
[Site "Rhodes GRE"]
[Date "2025.10.25"]
[Round "7.75"]
[White "Kobo, Ori"]
[Black "De Jong, Jan-Willem"]
[Result "1/2-1/2"]
[WhiteTitle "GM"]
[BlackTitle "IM"]
[WhiteElo "2480"]
[BlackElo "2420"]
[WhiteTeam "Beer Sheva"]
[BlackTeam "LSG Leiden"]
[WhiteFideId "2812320"]
[BlackFideId "1008641"]
[EventDate "2025.10.19"]

1. Nf3 d5 2. g3 g6 3. Bg2 Bg7 4. d4 c6 5. O-O Nf6 6. c4 dxc4 7. a4 Ne4 8. Nc3
Nd6 9. e4 Bg4 10. Be3 Qc8 11. Qe2 O-O 12. Rad1 Na6 13. h3 Bxf3 14. Bxf3 e5 15.
d5 Qc7 16. Rd2 Nb4 17. Rfd1 Nd3 18. b3 Qa5 19. bxc4 Qxc3 20. Rxd3 Qb4 21. c5
Nxe4 22. Qc2 cxd5 23. Rb1 Qc4 24. Qxc4 dxc4 25. Rd7 Nf6 26. Rdxb7 e4 27. Be2 Nd5
28. Bxc4 Nxe3 29. fxe3 Rac8 30. Rf1 Bh6 31. Rfxf7 Bxe3+ 32. Kg2 Rxf7 33. Bxf7+
Kh8 34. Re7 1/2-1/2

[Event "40th ECC Open 2025"]
[Site "Rhodes GRE"]
[Date "2025.10.25"]
[Round "7.76"]
[White "Bosman, Michiel"]
[Black "Postny, Evgeny"]
[Result "0-1"]
[WhiteTitle "IM"]
[BlackTitle "GM"]
[WhiteElo "2306"]
[BlackElo "2529"]
[WhiteTeam "LSG Leiden"]
[BlackTeam "Beer Sheva"]
[WhiteFideId "1000721"]
[BlackFideId "2804344"]
[EventDate "2025.10.19"]

1. d4 d5 2. Nf3 Nf6 3. c4 c6 4. e3 Bf5 5. Nc3 e6 6. Nh4 Be4 7. f3 Bg6 8. Bd2 Be7
9. Nxg6 hxg6 10. Qc2 dxc4 11. Bxc4 Nd5 12. O-O-O Nb4 13. Qb3 b5 14. Be2 a5 15.
a4 bxa4 16. Nxa4 Nd7 17. e4 Rb8 18. Kb1 Qc7 19. g3 O-O 20. Rc1 Rb7 21. Rc4 Nb6
22. Nxb6 Rxb6 23. Qa4 Rfb8 24. Bc3 Qb7 25. Ka1 Nd5 26. exd5 exd5 27. Rc5 Bxc5
28. dxc5 Rxb2 29. Qd1 Qb3 30. Qxb3 R2xb3 0-1

[Event "40th ECC Open 2025"]
[Site "Rhodes GRE"]
[Date "2025.10.25"]
[Round "7.77"]
[White "Huzman, Alexander"]
[Black "Sirin, Atakan"]
[Result "0-1"]
[WhiteTitle "GM"]
[BlackTitle "FM"]
[WhiteElo "2521"]
[BlackElo "2346"]
[WhiteTeam "Beer Sheva"]
[BlackTeam "LSG Leiden"]
[WhiteFideId "2803828"]
[BlackFideId "6303307"]
[EventDate "2025.10.19"]

1. Nf3 Nf6 2. g3 c5 3. Bg2 g6 4. d4 cxd4 5. Nxd4 Bg7 6. c4 Nc6 7. Nc3 Nxd4 8.
Qxd4 d6 9. O-O O-O 10. Qd3 Qa5 11. h3 Bf5 12. e4 Be6 13. Bd2 Qc5 14. b3 Nd7 15.
Rac1 Rac8 16. Be3 Qa5 17. Bd2 Qc5 18. Qe2 a6 19. Nd5 Bxd5 20. exd5 Qa3 21. Rc2
Rfe8 22. h4 Rc7 23. Bh3 Nf6 24. Rfc1 b6 25. Qd3 a5 26. Rb1 Rb8 27. Bc1 Qc5 28.
Be3 Qa3 29. Rd1 Kf8 30. Re2 a4 31. Rb1 Qb4 32. Rc2 Nd7 33. Bxd7 Rxd7 34. Bd2 Qa3
35. Bc1 Qb4 36. Bd2 Qa3 37. Kg2 Rc7 38. h5 axb3 39. axb3 Qa8 40. hxg6 hxg6 41.
Bb4 Kg8 42. Qf3 Rbc8 43. Bc3 Bxc3 44. Rxc3 Kg7 45. Rh1 Rh8 46. Rxh8 Qxh8 47. Qe3
Rb7 48. Rc1 Kg8 49. Re1 Qf6 50. Re2 b5 51. c5 Qf5 52. Qd4 dxc5 53. Qxc5 Kg7 54.
Qd4+ f6 55. Qc5 Kf7 56. b4 Qd3 57. Re3 Qc4 58. Re6 Rc7 59. Qxc4 Rxc4 60. Rb6
Rxb4 61. Rb7 Ke8 62. Kf3 Rb2 63. Ke3 Kd8 64. f4 Rb3+ 65. Kd4 Rxg3 66. Rxb5 Rg1
67. Rb8+ Kd7 68. Rg8 Rg4 69. Ke3 g5 0-1

[Event "40th ECC Open 2025"]
[Site "Rhodes GRE"]
[Date "2025.10.25"]
[Round "7.78"]
[White "Roobol, Martin"]
[Black "Vydeslaver, Alik"]
[Result "1-0"]
[WhiteTitle "FM"]
[BlackTitle "IM"]
[WhiteElo "2262"]
[BlackElo "2373"]
[WhiteTeam "LSG Leiden"]
[BlackTeam "Beer Sheva"]
[WhiteFideId "1004468"]
[BlackFideId "2801876"]
[EventDate "2025.10.19"]

1. e4 e6 2. d4 d5 3. e5 c5 4. c3 Nc6 5. Nf3 Bd7 6. Bd3 cxd4 7. O-O dxc3 8. Nxc3
Nge7 9. Bg5 Qb8 10. Re1 Ng6 11. Qe2 Bb4 12. h4 Ncxe5 13. Nxe5 Qxe5 14. Qg4 Qd6
15. h5 Ne5 16. Rxe5 Qxe5 17. Bf4 Qd4 18. Qg3 Be7 19. Be5 Qh4 20. Qxg7 O-O-O 21.
Nxd5 Bc5 22. Bg3 Qxh5 23. Nf4 Bxf2+ 24. Bxf2 Qa5 25. b4 Qxb4 26. Qe5 Bc6 27. Rc1
Qd6 28. Qe3 Rhg8 29. Be4 Qd2 30. Bxc6 Qxe3 31. Bxe3 bxc6 32. Rxc6+ Kb7 33. Rc3
Rd1+ 34. Kh2 Rg5 35. Rb3+ Kc8 36. Rc3+ Kd7 37. Nd3 Ra5 38. Nc5+ Ke7 39. a4 Rd5
40. Kg3 f6 41. Rc4 Kf7 42. Nb7 Ra6 43. Rc7+ Kg6 44. Nc5 Ra5 45. Nxe6 Re5 46.
Nf8+ Kf5 47. Kf3 Red5 48. Rxh7 Ke5 49. Nd7+ Ke6 50. Nf8+ Ke5 51. Bxa7 Kd6 52.
Bb8+ Kc5 53. Ne6+ Kb4 54. Rh4+ Ka3 55. Rf4 Rxa4 56. Rxf6 Rd3+ 57. Kf2 Rc4 58.
Rf3 Rxf3+ 59. Kxf3 Kb4 60. Bd6+ Kb5 61. Bf4 Kc6 62. Nf8 Ra4 63. g4 Ra3+ 64. Ke4
Ra8 65. Ng6 Kd7 66. Kf5 Ra6 67. Be5 Ke8 68. Nf4 Kf7 69. g5 Ra2 70. g6+ Kg8 71.
Nh5 Rf2+ 72. Kg5 Rf1 73. Nf6+ Kf8 74. Ng4 Rg1 75. Kf5 Rf1+ 76. Ke6 Rg1 77. Kf5
Rf1+ 78. Kg5 Rg1 79. Bh2 Rg2 80. Kh5 Ke8 81. Bd6 Rg1 82. Nf6+ Kd8 83. Kh6 Rh1+
84. Kg7 Rd1 85. Kf7 Rg1 86. g7 Kc8 87. g8=Q+ Rxg8 88. Kxg8 Kb7 89. Kf7 Kc6 90.
Ke6 Kb7 91. Kd5 Kb6 92. Nd7+ Kb7 93. Kc5 Ka6 94. Ne5 Kb7 95. Kb5 Ka7 96. Bc5+
Kb7 97. Bb6 Kc8 98. Kc6 Kb8 99. Nd7+ Ka8 100. Nc5 Kb8 101. Ne6 Ka8 102. Nc7+ Kb8
103. Bc5 Kc8 104. Ba7 Kd8 105. Nd5 Ke8 106. Kd6 Kf7 107. Bf2 Kg6 108. Ke5 Kh5
109. Nf6+ Kg5 110. Bg3 Kg6 111. Bf4 Kf7 112. Be3 Ke7 113. Bb6 Kf7 114. Kf5 Ke7
115. Bc7 Kf8 116. Bd6+ Kg7 117. Ke6 Kg6 118. Bf4 Kg7 119. Ne4 Kg6 120. Ng3 Kg7
121. Bg5 Kg6 122. Bf6 Kh6 123. Kf7 Kh7 124. Bg5 Kh8 125. Ne4 Kh7 126. Nc5 1-0

[Event "40th ECC Open 2025"]
[Site "Rhodes GRE"]
[Date "2025.10.25"]
[Round "7.79"]
[White "Sahidi, Samir"]
[Black "Cheng, Bobby"]
[Result "1/2-1/2"]
[WhiteTitle "IM"]
[BlackTitle "GM"]
[WhiteElo "2490"]
[BlackElo "2596"]
[WhiteTeam "SK K Cero Invest Nitra"]
[BlackTeam "SV Werder Bremen"]
[WhiteFideId "14936372"]
[BlackFideId "4300033"]
[EventDate "2025.10.19"]

1. e4 c6 2. d4 d5 3. e5 Bf5 4. Nf3 e6 5. Be2 c5 6. O-O Nc6 7. c3 Nh6 8. Re1 Bg6
9. Na3 Rc8 10. Qb3 Qd7 11. Bf4 a6 12. c4 Nf5 13. dxc5 Bxc5 14. cxd5 exd5 15.
Rad1 Ncd4 16. Nxd4 Nxd4 17. Qg3 Nxe2+ 18. Rxe2 O-O 19. Red2 d4 20. Nc2 d3 21.
Ne1 Bb4 22. Rxd3 Bxd3 23. Bh6 f5 24. Nxd3 Rf7 25. Rf1 Qe6 26. Be3 Bf8 27. Bd4
Qc4 28. Bc3 Qg4 29. Qe3 Qe4 30. Qg3 Qg4 31. Qe3 Qe4 32. Qg3 f4 33. Qh3 Rd8 34.
Ne1 Rd1 35. Qg4 Ra1 36. Qe6 h6 37. a3 Qf5 38. Qc4 Kh7 39. h3 Rd7 40. Nf3 Rxf1+
41. Kxf1 Rd1+ 42. Be1 Qd3+ 43. Qxd3+ Rxd3 44. Bc3 Rd5 45. Ke2 g5 46. g3 fxg3 47.
fxg3 Bc5 48. Nd2 Kg6 49. Nc4 Bd4 50. Bxd4 Rxd4 51. b3 b5 52. Nd2 Kf5 53. Ke3 Rd7
54. Nf3 h5 55. g4+ hxg4 56. hxg4+ Kxg4 57. e6 Re7 58. Nd4 Kh3 59. Ke4 g4 60. Ke5
Re8 61. Kf6 Kg3 62. Kf7 Ra8 63. e7 Kf4 64. Ne6+ Ke4 65. Kf6 Re8 66. Kf7 Ra8 67.
Kf6 Re8 68. Kf7 Rxe7+ 69. Kxe7 g3 70. Kd6 g2 71. Ng5+ Kd3 72. Nf3 Kc3 73. b4 Kb3
74. Kc5 Kxa3 75. Ng1 Kb3 76. Ne2 Ka4 77. Ng1 a5 78. bxa5 Kxa5 79. Kd4 Kb4 80.
Ke3 Ka3 81. Kf2 b4 82. Ne2 b3 83. Nc3 Kb2 84. Na4+ Ka3 85. Nc3 Kb4 86. Nd1 1/2-1/2